| 000 | 00537nam a22001577a 4500 | ||
|---|---|---|---|
| 005 | 2012050909019.0 | ||
| 020 |
_a0333933389 _c188.00 |
||
| 035 | _aB-21696 | ||
| 037 |
_aDPL _bENG |
||
| 100 |
_aKhubchandani, B.S. _946713 |
||
| 245 |
_aPractice and law of banking / _cby B.S. Khubchandani |
||
| 260 |
_aDelhi _bMacmillan _c2000 |
||
| 300 |
_avii, 301p. _c24 cms. |
||
| 942 |
_2ddc _cEN _h332.1 _mKHU |
||
| 999 |
_c66358 _d66358 |
||